Celebrity Before and After - Statistics

General Stats
  • This quiz has been taken 396 times
  • The average score is 10 of 20
Answer Stats
Hint Answer % Correct
This person demanded "Respect" in their roles as Queen of Soul and four-term president of the United States Aretha Franklin D. Roosevelt
87%
When this Cleopatra actress gets criticized for her numerous relationships, she just "Shakes it Off" Elizabeth Taylor Swift
86%
Became the first to reach Mount Everest's summit, but failed to become the first female president in the United States Edmund Hillary Clinton
70%
This author wrote about how Alice stumbled into Narnia through the looking glass C.S. Lewis Carroll
63%
Becoming the best basketball player of all time requires a good night's sleep, so "Wake [Him] Up Before You Go-Go" George Michael Jordan
61%
He was "Livin' La Vida Loca" when he stepped into the "West Wing" as Josiah Bartlet Ricky Martin Sheen
61%
This person's been "Singin' in the Rain" "Since U Been Gone" Gene Kelly Clarkson
58%
I did not have "Great Expectations" for this blind singer who decided to pursue writing. Ray Charles Dickens
58%
"Stone Cold" WWE wrestler by day, international man of mystery by night Steve Austin Powers
57%
When not hosting New Year's Rockin' Eve, he protects Metropolis as Superman Dick Clark Kent
54%
Who knew the inventor of the cotton gin was also an R&B and pop diva? Eli Whitney Houston
49%
This guy fought against Napoleon, and then against Apartheid Horatio Nelson Mandela
48%
You "can't see" this wrestler, so he'll light a "Candle in the Wind" Elton John Cena
47%
If he wanted to get ladies, George from Seinfeld could also mention that he co-authored the Federalist papers, and is the subject of a hit hip-hop musical Jason Alexander Hamilton
41%
This guy's expressionist drip paintings won't make up for the Trail of Tears Andrew Jackson Pollock
34%
This 90's teen heart throb definitely made some "Home Improvements" by inventing the lightbulb Jonathon Taylor Thomas Edison
33%
Quasimodo might have had more luck if he shopped at his author's German luxury fashion brand Victor Hugo Boss
33%
This Growing Pains star and Evangelical Pastor preaches that "There's Something About Mary" Kirk Cameron Diaz
30%
He may no longer be the King of the Pride Lands, but he'll settle for being the "King of Queens" Kevin James Earl Jones
18%
James A. Garfield's Vice President may have only served one term as president, but continues to educate children to this day as a cartoon aardvark. Chester Arthur Read
8%
No matching quizzes found
Score Distribution
Percent of People with Each Score
Percentile by Number Answered
Your Score History
You have not taken this quiz